El trabajo gustoso: conferencias
Sparad:
| Huvudupphovsman: | |
|---|---|
| Materialtyp: | Bok |
| Språk: | spanska |
| Publicerad: |
Ciudad de México
Aguilar
1961
|
| Upplaga: | 1a. ed |
| Serie: | Ensayistas Hispánicos
|
| Ämnen: | |
| Taggar: |
Lägg till en tagg
Inga taggar, Lägg till första taggen!
|
MARC
| LEADER | 00000nam a2200000 a 4500 | ||
|---|---|---|---|
| 001 | UCH7096 | ||
| 003 | CL-VaPUC | ||
| 008 | 091109e19610000MX |||||||||||||||||spa|d | ||
| 082 | 0 | 4 | |a 861 |b JIM |2 21 |
| 100 | |a Jiménez, Juan Ramón |e author |9 330181 | ||
| 245 | 1 | 3 | |a El trabajo gustoso: conferencias |
| 250 | |a 1a. ed | ||
| 300 | |a 238 p | ||
| 942 | |c BK | ||
| 945 | |d 20091109 00:00:00 |a lazolas | ||
| 260 | |a Ciudad de México |b Aguilar |c 1961 | ||
| 650 | 7 | |a PROSA POETICA ESPAÑOLA |2 CL-VaPUC |9 309004 | |
| 583 | |a last modification |c 20091109 00:00:00 |k Rodrigo Vera | ||
| 490 | 0 | |a Ensayistas Hispánicos | |
| 999 | |c 337823 |d 337821 | ||